Historical heritage of the tamils / (Record no. 153079)

MARC details
000 -LEADER
fixed length control field 00657nam a22002057a 4500
005 - DATE AND TIME OF LATEST TRANSACTION
control field 20180625170120.0
010 ## - LCCN (DPL NO)
LC control number ENG-123303
020 ## - INTERNATIONAL STANDARD BOOK NUMBER
Terms of availability 390.00
035 ## - SYSTEM CONTROL NUMBER
System control number EN-106835
037 ## - SOURCE OF ACQUISITION
Source of stock number/acquisition DBAD/PUB
082 ## - DEWEY DECIMAL CLASSIFICATION NUMBER
Classification number 954.31
245 ## - TITLE STATEMENT
Title Historical heritage of the tamils /
Statement of responsibility, etc edited by S.V. Subramnian [and] K.D.Thirunavukkarasu
260 ## - PUBLICATION, DISTRIBUTION, ETC. (IMPRINT)
Place of publication, distribution, etc Cehnnai
Name of publisher, distributor, etc International Institute of Tamil Studires
Date of publication, distribution, etc 2010
270 ## - ADDRESS
Address Main Road,C.I.T.Compus,
City Cehnnai
Postal code 600113
Telephone number 011-22542992
300 ## - PHYSICAL DESCRIPTION
Extent 672p.
Dimensions 22cm(pbk)
500 ## - GENERAL NOTE
General note It includes index
700 ## - ADDED ENTRY--PERSONAL NAME
Personal name Subramanian,S.V.
710 ## - ADDED ENTRY--CORPORATE NAME
Corporate name or jurisdiction name as entry element Thirunavukkarasu,K.D.
942 ## - ADDED ENTRY ELEMENTS (KOHA)
Source of classification or shelving scheme Dewey Decimal Classification
Item type English Books
Call number suffix HIS
Classification part 954.31
Holdings
Withdrawn status Lost status Not for loan Collection code Home library Current library Date acquired Source of acquisition Cost, normal purchase price Full call number Barcode Copy number Cost, replacement price Koha item type
    Not For Loan Non-fiction D.B.Act.Division Sarojini Nagar 25/06/2018 DBAD/PUB 390.00 954.31 HIS EN-106835 1 390.00 English Books

© Delhi Public Library
Hit Counter
free hit counter